[Event "Muensterland Verbandsklasse-A 1112"]
[Site "Germany"]
[Date "2012.03.10"]
[Round "7.4"]
[White "Reinhold, Klaus"]
[Black "Andersen, Guido"]
[Result "1-0"]
[WhiteElo "1951"]
[BlackElo "1550"]
[PlyCount "67"]
[EventDate "2011.09.17"]
[EventType "team-tourn"]
[EventRounds "9"]
[EventCountry "GER"]
[SourceTitle "EXT 2013"]
[Source "ChessBase"]
[SourceDate "2012.11.22"]
[SourceVersion "1"]
[SourceVersionDate "2012.11.22"]
[SourceQuality "1"]
[WhiteTeam "Gronau"]
[BlackTeam "Bocholt II"]
[WhiteTeamCountry "GER"]
[BlackTeamCountry "GER"]

1. d4 d5 2. c4 e6 3. Nf3 Nf6 4. g3 c6 5. Qc2 dxc4 6. Qxc4 Be7 7. Bg2 Qb6 8. 0-0 0-0 9. b3 Re8 10. Bb2 Qa6 11. Nbd2 Qxc4 12. Nxc4 Nbd7 13. Rac1 Nb6 14. Nfe5 Nfd7 15. Nd3 Nd5 16. a3 N5b6 17. Na5 Bd6 18. Nc5 Rb8 19. Rfd1 Na8 20. b4 Nf6 21. Naxb7 Rxb7 22. Bxc6 Bxc5 23. dxc5 Rbe7 24. Bxa8 Bb7 25. Bxb7 Rxb7 26. c6 Rc7 27. Bxf6 gxf6 28. Rd7 Rec8 29. Rxc7 Rxc7 30. b5 Kf8 31. Rd1 Ke8 32. Kg2 e5 33. Kf3 a6 34. a4 1-0